Sports Quiz

Random Sports or WWE Quiz
Score 0/135 Timer 20:00
0 Plays Today
Hint Answer % Correct
WWEHulk Hogan
100%
WWEShawn Michaels
100%
WWESeth Rollins
100%
WWERoman Reigns
100%
UniversalRoman Reigns
100%
UniversalSeth Rollins
100%
World HeavyweightShawn Michaels
100%
WCWHulk Hogan
100%
WCWThe Giant
100%
UniversalGoldberg
99.1%
UniversalBrock Lesnar
99.1%
WWEThe Undertaker
99.1%
WWEThe Rock
99.1%
WWETriple H
99.1%
WWEBrock Lesnar
99.1%
WWERandy Orton
99.1%
World HeavyweightTriple H
99.1%
World HeavyweightGoldberg
99.1%
World HeavyweightRandy Orton
99.1%
World HeavyweightThe Undertaker
99.1%
World HeavyweightBig Show
99.1%
WCWGoldberg
99.1%
WCWThe Rock
99.1%
ECWBig Show
99.1%
WWERandy Savage
98.1%
WWESteve Austin
98.1%
WWEKane
98.1%
WWEEddie Guerrero
98.1%
WWEJohn Cena
98.1%
World HeavyweightJohn Cena
98.1%
World HeavyweightKane
98.1%
WCWRandy Savage
98.1%
ECWChavo Guerrero
98.1%
ECWKane
98.1%
WWEEdge
97.2%
WWEJeff Hardy
97.2%
WWECM Punk
97.2%
UniversalBraun Strowman
97.2%
WWEDrew McIntyre
97.2%
World HeavyweightEdge
97.2%
World HeavyweightCM Punk
97.2%
World HeavyweightJeff Hardy
97.2%
ECWCM Punk
97.2%
ECWMatt Hardy
97.2%
UniversalFinn Bálor
96.3%
Hint Answer % Correct
WWEBret Hart
96.3%
WWEDiesel
96.3%
WWEMr. McMahon
96.3%
WWEKurt Angle
96.3%
WWERey Mysterio
96.3%
WWEBray Wyatt
96.3%
Universal'The Fiend' Bray Wyatt
96.3%
World HeavyweightKurt Angle
96.3%
World HeavyweightRey Mysterio
96.3%
WCWKevin Nash
96.3%
WCWBret Hart
96.3%
WCWKurt Angle
96.3%
ECWMr. McMahon
96.3%
UniversalKevin Owens
95.4%
WWERic Flair
95.4%
WWEChris Jericho
95.4%
WWERob Van Dam
95.4%
WWEDaniel Bryan
95.4%
World HeavyweightChris Jericho
95.4%
World HeavyweightDaniel Bryan
95.4%
WCWRic Flair
95.4%
WCWChris Jericho
95.4%
ECWRob Van Dam
95.4%
WWEMankind
94.4%
WWEJBL
94.4%
WWEAlberto Del Rio
94.4%
WWEDean Ambrose
94.4%
WWEKofi Kingston
94.4%
World HeavyweightChris Benoit
94.4%
World HeavyweightAlberto Del Rio
94.4%
WCWChris Benoit
94.4%
WWEBatista
93.5%
World HeavyweightBatista
93.5%
WWEBruno Sammartino
92.6%
WWEAJ Styles
92.6%
WWEUltimate Warrior
91.7%
WWEThe Miz
91.7%
WWEJinder Mahal
90.7%
World HeavyweightKing Booker
90.7%
World HeavyweightChristian
90.7%
World HeavyweightMark Henry
90.7%
WCWBooker T
90.7%
ECWMark Henry
90.7%
ECWChristian
90.7%
WWEBob Backlund
89.8%
Hint Answer % Correct
WWEYokozuna
89.8%
WWESheamus
89.8%
World HeavyweightSheamus
89.8%
WWEAndre the Giant
88.9%
WWESgt. Slaughter
88.9%
WWESid
88.9%
WCWSid Vicious
88.9%
World HeavyweightThe Great Khali
88%
ECWBobby Lashley
88%
WWEThe Iron Sheik
86.1%
World HeavyweightJack Swagger
86.1%
ECWJack Swagger
86.1%
ECWTommy Dreamer
85.2%
World HeavyweightDolph Ziggler
84.3%
ECWEzekiel Jackson
84.3%
WWEBuddy Rogers
83.3%
WWEPedro Morales
82.4%
ECWThe Sandman
80.6%
WCWSting
78.7%
WWEBig Show
77.8%
ECWSabu
77.8%
WWESuperstar Billy Graham
76.9%
WWEIvan Koloff
73.1%
WCWDavid Arquette
70.4%
ECWTaz
69.4%
ECWRhyno
68.5%
WWEStan Stasiak
66.7%
WCWLex Luger
66.7%
ECWJohn Morrison
66.7%
WCWJeff Jarrett
65.7%
WCWScott Steiner
65.7%
ECWRaven
64.8%
WCWRon Simmons
63.9%
WCWVince Russo
63.9%
WCWVader
63%
WCWDiamond Dallas Page
60.2%
ECWTerry Funk
57.4%
ECWShane Douglas
56.5%
ECWMike Awesome
54.6%
ECWJustin Credible
51.9%
ECWBam Bam Bigelow
49.1%
ECWJerry Lynn
47.2%
ECWMasato Tanaka
46.3%
ECWSteve Corino
45.4%
ECWMikey Whipwreck
44.4%
Remove Ads.
Support Sporcle.
Get the best of Sporcle when you Go Orange. This ad-free experience offers more features, more stats, and more fun while also helping to support Sporcle. Thank you for becoming a member.

You're not logged in!

Compare scores with friends on all Sporcle quizzes.
OR
Log In

Sporcle TV

Today on Sporcle TV


Watch our educational content, quiz creation guides, and fun videos on Sporcle TV.

Show Comments

Extras

Created May 10, 2020ReportNominate
Tags:WWE Quiz, WWE Champions

Top Quizzes Today


Score Distribution

Paid Content

Your Account Isn't Verified!

In order to create a playlist on Sporcle, you need to verify the email address you used during registration. Go to your Sporcle Settings to finish the process.

Report this User

Report this user for behavior that violates our Community Guidelines.

Details: